Mustafa Kemal / (Record no. 151053)

MARC details
000 -LEADER
campo de control de longitud fija 00615nam a2200193 i 4500
001 - NÚMERO DE CONTROL
campo de control 151053
003 - IDENTIFICADOR DE NÚMERO DE CONTROL
campo de control ES-MaACL
005 - FECHA Y HORA DE LA ÚLTIMA TRANSACCIÓN
campo de control 20230906203821.0
007 - CAMPO FIJO DE DESCRIPCIÓN FÍSICA--INFORMACIÓN GENERAL
campo de control de longitud fija t|
008 - DATOS DE LONGITUD FIJA--INFORMACIÓN GENERAL
campo de control de longitud fija 071203s1933 fr ||||1| fre d
100 1# - ENTRADA PRINCIPAL--NOMBRE DE PERSONA
Nombre de persona Armstrong, H. C.
9 (RLIN) 23003
245 10 - MENCIÓN DEL TÍTULO
Título Mustafa Kemal /
Mención de responsabilidad, etc. H. C. Armstrong ; traduit de l'anglais par MM. Soulié et Vaney.
260 ## - PUBLICACIÓN, DISTRIBUCIÓN, ETC.
Lugar de publicación, distribución, etc. Paris :
Nombre del editor, distribuidor, etc. Payot,
Fecha de publicación, distribución, etc. 1933.
300 ## - DESCRIPCIÓN FÍSICA
Extensión 293 p., 4 map. ;
Dimensiones 23 cm.
600 14 - PUNTO DE ACCESO ADICIONAL DE MATERIA--NOMBRE DE PERSONA
Nombre de persona Atatürk, Kemal (
Fechas asociadas al nombre 1881-1938)
9 (RLIN) 159740
651 #4 - PUNTO DE ACCESO ADICIONAL DE MATERIA--NOMBRE GEOGRÁFICO
Nombre geográfico Turquía-
Subdivisión general Historia-
Subdivisión cronológica 1918-1923, Revolución.
9 (RLIN) 164234
700 1# - ENTRADA AGREGADA--NOMBRE PERSONAL
Nombre de persona Soulié, Maurice.
9 (RLIN) 107565
852 ## - LOCALIZACIÓN
Ubicación ES-MaACL
Número de control de estantería A-1519
Holdings
Estatus retirado Estado de pérdida Estado de daño No para préstamo Biblioteca de origen Biblioteca actual Ubicación en estantería Fecha de adquisición Fuente de adquisición Total de préstamos Signatura topográfica completa Código de barras Visto por última vez Precio de reemplazo Tipo de ítem Koha
        Biblioteca del Ateneo de Madrid Biblioteca del Ateneo de Madrid Sala Pecera Planta 1 17/01/2008     A-1519 1157620 23/02/2023 23/02/2023 Libro impreso